000 00708nam a22002297a 4500
003 UA-OsUOA
001 50911
007 ta
008 20140710b un ||||| |||| 00| 0 ukr d
090 _a01
942 _cBK
040 _aUA-OsUOA
_beng
_cUA-OsUOA
_dUA-OsUOA
245 _aBowling Green University Libraries. Faculty Publications 1960-1965
300 _a95 p.
955 _a1
041 _aeng
080 _a01
260 _aBowling Green
_bBowling Green University Press
_c1966
650 7 _a01 Бібліографія і бібліографії. Каталоги
_2UDC
999 _c431040
_d431040